MDQL
is popping MORE tags! Check the
thread
!
Quizzes
Events
Quiz Creation
Community
Videos
Private Events
Remove Ads
Sign In
Join for FREE
Feedback
Dark Mode
Quiz Categories
Sports
Geography
Music
Movies
Television
Just For Fun
Miscellaneous
History
Literature
Language
Science
Gaming
Entertainment
Religion
Holiday
For Kids
Quiz Lab
Recent
Popular Today
Quiz Kudos Today
Editor Picks
Curator Picks
Quizzes by...
Day
Popularity
Type
Ratings
Length
Year
Community
Subscriptions
Recent Discussions
Orange Saloon
Badges
Playlists
Quests
Create
Leaderboards
Showdown
Live 5
Trivia Bingo
Activity
Puzzle Library
Sporcle Events
Private Events
Virtual Trivia
Globe League
Become a Host
Pub Owners
SporcleCon
Opinionation
Our Games
Videos
Blog
Mobile Apps
Partnerships
Remove Ads and Go Orange
Feedback
Geography
Country
Landmarks
City
State
Population
World
Capital
Continent
Flags
Europe
Africa
Asia
South America
North America
Oceania
Border
Canada
United Kingdom
Topography
United States
Geography
Country
Landmarks
City
State
Population
World
Capital
Continent
Flags
Europe
Africa
Asia
South America
North America
Oceania
Border
Canada
United Kingdom
Topography
United States
Random Quiz
Search Sporcle
×
Quiz Lab
Quiz Lab
Geography
Country
Type in answers that appear in a list
Type in answers that appear in a list
Classic
Best Score? Go Orange.
Population last 30 in the year 2000 Stats
Can you name the last 30 countries population in the year 2000?
By
dina_rania_zaid
15m
30 Questions
194 Plays
194 Plays
194 Plays
Comments
Comments
Give Quiz Kudos
Give Quiz Kudos
-
- Ratings
hide this ad
More Info
Replay
Link that replays current quiz
Next Quiz
Link to next quiz in quiz playlist
You Got
0%
They Got
Avg Score
30%
Avg Friend Score
Upgrade to see
Score Distribution
Jump to the score distribution portion of the page
Score
0/30
Timer
15:00
0
Plays Today
Rank
Country
% Correct
229
Vatican City
90.2%
211
Monaco
82.5%
213
San Marino
79.4%
203
Andorra
78.4%
212
Liechtenstein
73.2%
220
Nauru
73.2%
222
Tuvalu
70.1%
206
Marshall Islands
66.5%
217
Palau
66%
201
Dominica
43.8%
207
Greenland
15.5%
210
Saint Kitts and Nevis
15.5%
205
Bermuda
11.3%
208
Faroe Islands
11.3%
202
Isle of Man
10.8%
Rank
Country
% Correct
225
Montserrat
10.8%
214
Gibraltar
10.8%
226
Falkland Islands
10.8%
230
Pitcairn Islands
10.3%
216
British Virgin Islands
9.3%
227
Niue
9.3%
204
American Samoa
8.8%
221
Anguilla
8.8%
209
Cayman Islands
8.2%
218
Cook Islands
7.7%
215
Turks and Caicos Islands
6.2%
228
Tokelau
6.2%
224
Saint Helena
5.2%
219
Wallis and Futuna
4.6%
223
Saint-Pierre and Miquelon
4.6%
Quiz Playlist
Details
Report
Send in Message
Add To Playlist
More Info:
Can you name the 30 least populated countries in the year 2000?
Classic:
Type in answers that appear in a list
Quiz Source
Last Updated: Feb 16, 2017
Quiz Scoreboard
CHALLENGE
Sign Up to Join the Scoreboard
Show All
Scores
Hide
Comments
May contain spoilers
Recently Published
Two Season TV Shows II
by 123Four
Television
10m
Image Sorting: Flags VI
by Barbecue
Geography
2m
Find the 'City' Movie
by crazypaving
Movies
60s
More to Explore
Quiz From the Vault
Featured Blog Post
14 Easter Pick-up Lines to Find Eggs With
hide this ad
You Might Also Like...
Tags
Country Quiz
Population Quiz
2000
hard
Today's Top Quizzes in Geography
Browse Geography
hide this ad
Today's Top Quizzes in Country
Browse Country
Top Contributed Quizzes in Geography
1
Colored Red Europe Blitz I
2
Countries of the World - No Outlines Minefield
3
Colored Red Africa Blitz II
4
Colored Red Europe Blitz II
5
Colored Red Europe Blitz III
6
Colored Red Africa Blitz III
7
Colored Red States Blitz I
8
A Different View: World Oceans
9
Colored Red States Blitz II
10
Colored Red States Blitz III
Explore More
Trending Topics
Marvel
Crossword
Harry Potter
Kpop
Anime
Disney
NBA
NFL
Country
Soccer
WWE
Puzzle
The Office
Song
Pokémon
hide this ad
More By:
dina_rania_zaid
Quiz
Plays
Rating
Category
Featured
Created
Can you match the Doctor Who quote to the episode?
590
4.60
Television
Feb 27, 2013
Zelda: Legend of the Wind Waker Trivia
576
3.00
Gaming
Mar 24, 2012
Harry Potter 1-3: Chapters
411
3.44
Literature
Dec 21, 2010
French clothing
363
4.50
Language
Dec 21, 2010
Population last 30 in the year 2000
194
1.75
Geography
Sep 18, 2010
Go to Creator's Profile
Score Distribution
Quiz Creator Spotlight
dina_rania_zaid
Follow
Send a Message
Quizzes Created
-
Created Quiz Play Count
-
More By This Creator
Popular Quizzes Today
1
Find the US States - No Outlines Minefield
2
Colored Red Africa Blitz
3
Find the 'City' Movie
4
5x2 Blitz: Bands
5
The Countries of the World
6
Find the Countries of Europe - No Outlines Minefield
7
Find the US States
8
US States
More Geography Quizzes
Countries and Capitals Crossword 003
Curator's Pick
Trending Quizzes
Colored Red Europe Blitz I
Colored Red Africa Blitz II
Colored Red Europe Blitz II
Colored Red Africa Blitz III
Colored Red Europe Blitz III
Recently Updated
How Do You Spell That?
pecheneg
Godzilla Movies
pecheneg
Grab Bag: 4-10 Letters
pecheneg
2024 March Madness Bracket
pecheneg
Famous TV Couples
Peacemaker
Champions League XIs: Real Madrid
pecheneg
Largest US Cities 1790-2010
pecheneg
Rides in Walt Disney World
pecheneg
Most Oscar Losses (Acting)
pecheneg
Beyoncé Albums
pecheneg
Trending Topics
Crossword
Marvel
NBA
Harry Potter
Kpop
Disney
Anime
Country
NFL
Puzzle
Song
The Office
Pokémon
Soccer
WWE
Your Account Isn't Verified!
In order to create a playlist on Sporcle, you need to verify the email address you used during registration. Go to your
Sporcle Settings
to finish the process.
Report this User
Report this user for behavior that violates our
Community Guidelines
.
Details:
Send Report
Go to the Sporcle.com Mobile Site →
Comments